000 00604nam a2200217Ia 4500
005 20250923145406.0
008 008 250917s9999 xx 000 0 eng d
037 _aTextual
040 _aDSWL
_beng
_cDSWL
041 _aeng
_2eng
084 _aV252;2'N5, N65;1
_qDSWL
100 _aSharma, M.P.
_9834812
245 0 _aLonal self - government in India
_c by M.P. Sharma
250 _a5th
260 _aAllahabad
_bKitab Mahal
_c1965
300 _avii,175 p.
365 _aINR
_b5 . 0
925 _g5 . 0
942 _cTEXL
_hV252;2'N5, N65;1
999 _c1450804
_d1450804